000 00491nam a2200157 a 4500
001 000038019
005 20201002031143.0
008 130312s2007 dr 000 0 spa d
020 _a9789945000955
040 _aDO-SdBNP
_bspa
_cBNPHU
100 1 _aPeña Nina, Domingo
_919121
245 1 0 _aJornadas :
_breflexiones esperanzadoras /
_cDomingo Peña Nina.
260 _aSanto Domingo :
_bPeña Nina ,
_c2007.
300 _a317 p. : ;
_c23 cm.
500 _aBreve biografía del autor en la solapa
999 _c37509
_d37509